Kultúra és marketingkommunikáció Magyarországon az elmúlt másfél évtizedben

Elmentve itt :
Bibliográfiai részletek
Szerző: Váradi Andrea
További közreműködők: Ádori Péter (Témavezető)
Garamhegyi Ábel (Témavezető)
Dokumentumtípus: Szakdolgozat
Megjelent: 2005
Tárgyszavak:
Online Access:http://diploma.bibl.u-szeged.hu/32699
LEADER 00748nta a2200193 i 4500
001 dipl32699
005 20130314092842.0
008 110715s2005 hu om 0|| zxx d
040 |a SZTE Diploma Repozitórium  |b hun 
041 |a zxx 
100 1 |a Váradi Andrea 
245 1 0 |a Kultúra és marketingkommunikáció Magyarországon az elmúlt másfél évtizedben  |h [elektronikus dokumentum] /  |c Andrea Váradi 
260 |c 2005 
650 4 |a Gazdaságtudományok 
650 4 |a Economics and business 
700 0 1 |a Ádori Péter  |e ths 
700 0 1 |a Garamhegyi Ábel  |e ths 
856 4 0 |u https://diploma.bibl.u-szeged.hu/id/eprint/32699/1/szakdolgozat.pdf  |z Dokumentum-elérés  
856 4 0 |u https://diploma.bibl.u-szeged.hu/id/eprint/32699/2/262.TGZ  |z Dokumentum-elérés